Countries Contained in UNITED STATES OF AMERICA - Statistics

General Stats
  • This quiz has been taken 72 times
  • The average score is 8 of 22
Answer Stats
country % Correct
Iran
60%
Oman
60%
Russia
57%
India
55%
Samoa
52%
Armenia
48%
Austria
48%
Canada
43%
Tunisia
41%
Estonia
40%
Dominica
38%
France
38%
East Timor
28%
Ecuador
28%
Romania
28%
Sudan
28%
Croatia
26%
United States
24%
Niue
21%
Mauritania
17%
Suriname
17%
Macedonia
14%
No matching quizzes found
Score Distribution
Percent of People with Each Score
Percentile by Number Answered
Your Score History
You have not taken this quiz